Rozdíly v platech podporují sociální napětí

Platové nožnice v Európe sa stále roztvárajú. Môže to mať zlý vplyv nielen na produktivitu práce a ochotu pracovať, ale aj na posilnenie nacionalistických tendencií. Rozdiel medzi najlepšie a najhoršie plateným zamestnancom stále rastie. Tiež rozdiely v platoch mužov a žien.

Saved in:
Bibliographic Details
Format: Book Chapter
Language:Czech
Subjects:
Tags: Add Tag
No Tags, Be the first to tag this record!

MARC

LEADER 00000naa a2200000 4500
001 0226671
005 20170201145152.0
041 0 |a cze 
044 |a CZ 
245 1 0 |a Rozdíly v platech podporují sociální napětí 
520 |a Platové nožnice v Európe sa stále roztvárajú. Môže to mať zlý vplyv nielen na produktivitu práce a ochotu pracovať, ale aj na posilnenie nacionalistických tendencií. Rozdiel medzi najlepšie a najhoršie plateným zamestnancom stále rastie. Tiež rozdiely v platoch mužov a žien. 
610 2 0 |a diferenciácia mzdová 
610 2 0 |a relácie mzdové 
610 2 0 |a zárobky 
610 2 0 |a Európa 
610 2 0 |a nacionalizmus